000 00435nam a22001817a 4500
003 koha_MIRAKIL
005 20231213100043.0
008 231213b |||||||| |||| 00| 0 ||| d
020 _b978-6-05-990885-6
040 _aTR-IsEVY
_btur
_cTR-IsEVY
082 _a813.42 CAY/H
100 _aCaymaz, Onur.
245 0 _aHerkes yalnız
250 _a2. bs.
260 _bKırmızı Kedi,
_c2015
300 _a168 p.
942 _2ddc
_cBK
999 _c13749
_d13749